[Event "Asian Continental Blitz op (Women) 19th"]
[Site "Delhi"]
[Date "2022.11.03"]
[Round "3"]
[White "Ovezdurdiyeva, Jemal"]
[Black "Harshini, A."]
[Result "1-0"]
[WhiteElo "2061"]
[BlackElo "2149"]
[PlyCount "93"]
[EventDate "2022.11.03"]
[EventType "swiss (blitz)"]
[EventRounds "9"]
[EventCountry "IND"]
[SourceTitle "EXT 2024"]
[Source "ChessBase"]
[SourceDate "2023.10.10"]
[SourceVersion "1"]
[SourceVersionDate "2023.10.10"]
[SourceQuality "1"]

1. e4 e5 2. Nf3 Nc6 3. Bc4 Bc5 4. d3 Nf6 5. 0-0 d6 6. h3 h6 7. c3 a6 8. b4 Ba7 9. a4 Bb6 10. Be3 Be6 11. Na3 Bxe3 12. fxe3 Bxc4 13. Nxc4 Ne7 14. Qc2 0-0 15. d4 exd4 16. exd4 Ng6 17. e5 dxe5 18. Nfxe5 Nxe5 19. Nxe5 Qd6 20. Rf5 Nd7 21. Ng4 Rae8 22. Raf1 Re7 23. Qb3 Qg6 24. b5 h5 25. Ne5 Nxe5 26. dxe5 axb5 27. axb5 Qb6+ 28. Kh1 g6 29. Rf6 Re6 30. Qd5 Rxf6 31. Rxf6 Qe3 32. Rxg6+ Kh7 33. Rf6 h4 34. Rxf7+ Rxf7 35. Qxf7+ Kh6 36. Qf6+ Kh5 37. Qf3+ Qxf3 38. gxf3 Kg5 39. f4+ Kf5 40. Kg2 Ke6 41. Kf3 Kd5 42. c4+ Kxc4 43. e6 Kxb5 44. e7 c5 45. e8Q+ Kb4 46. Qe4+ Kc3 47. Qxb7 1-0

[Event "Pozarevac Rudar 4th"]
[Site "Pozarevac"]
[Date "2022.08.19"]
[Round "8"]
[White "Lu, Miaoyi"]
[Black "Harshini, A."]
[Result "1-0"]
[WhiteElo "2225"]
[BlackElo "2116"]
[PlyCount "65"]
[EventDate "2022.08.13"]
[EventType "tourn"]
[EventRounds "9"]
[EventCountry "SRB"]
[SourceTitle "CBM 209 Extra"]
[Source "ChessBase"]
[SourceDate "2022.09.30"]
[SourceVersion "1"]
[SourceVersionDate "2022.09.30"]
[SourceQuality "1"]

1. d4 Nf6 2. c4 g6 3. h4 d5 4. cxd5 Nxd5 5. e4 Nb6 6. h5 Bg7 7. Nf3 c5 8. d5 Bg4 9. h6 Bd4 10. Nbd2 N8d7 11. Be2 Bf6 12. a4 0-0 13. a5 Nc8 14. Ra4 e6 15. 0-0 Nd6 16. Nc4 Nxe4 17. Ne3 Bxf3 18. gxf3 Nd6 19. dxe6 Ne5 20. Nd5 Nf5 21. f4 Nc6 22. Nxf6+ Qxf6 23. exf7+ Kh8 24. Bc4 Ncd4 25. b4 Nh4 26. Ra3 Rad8 27. Qg4 cxb4 28. Rd3 Nhf5 29. Bb2 Nxh6 30. Qg5 Ne2+ 31. Kh1 Qxb2 32. Rxd8 Qg7 33. Rxf8+ 1-0

[Event "Pozarevac Rudar 4th"]
[Site "Pozarevac"]
[Date "2022.08.15"]
[Round "3"]
[White "Harshini, A."]
[Black "Kovacevic, Dragoljub"]
[Result "1/2-1/2"]
[WhiteElo "2116"]
[BlackElo "2104"]
[PlyCount "109"]
[EventDate "2022.08.13"]
[EventType "tourn"]
[EventRounds "9"]
[EventCountry "SRB"]
[SourceTitle "CBM 209 Extra"]
[Source "ChessBase"]
[SourceDate "2022.09.30"]
[SourceVersion "1"]
[SourceVersionDate "2022.09.30"]
[SourceQuality "1"]

1. e4 c6 2. d4 d5 3. Nc3 dxe4 4. Nxe4 Nf6 5. Nxf6+ exf6 6. Nf3 Bd6 7. Bd3 Na6 8. Qe2+ Qe7 9. Bxa6 bxa6 10. Qxe7+ Kxe7 11. Bd2 Be6 12. b3 Rhe8 13. 0-0 Kf8 14. c4 Bf5 15. Rfe1 Be4 16. Bc3 Re6 17. Nd2 Bg6 18. d5 cxd5 19. cxd5 Rxe1+ 20. Rxe1 Re8 21. Nc4 Rxe1+ 22. Bxe1 Bc7 23. Bb4+ Ke8 24. Bc5 Be4 25. Nd6+ Bxd6 26. Bxd6 a5 27. Bc5 Bb1 28. a3 Ba2 29. b4 Bxd5 30. Bxa7 axb4 31. axb4 Bc4 32. f3 Kd7 33. Kf2 h5 34. Bd4 Ke6 35. g4 hxg4 36. fxg4 g6 37. h4 g5 38. h5 Bd3 39. h6 Bg6 40. b5 f5 41. gxf5+ Bxf5 42. Be3 f6 43. b6 Kd7 44. Kg3 Kc6 45. Bd4 Kb7 46. Kf3 Bg6 47. Kg4 Kc6 48. Be3 Kb7 49. Bd4 Kc6 50. Bc5 Kb7 51. Kf3 f5 52. Be3 f4 53. Bd4 Bf5 54. Bc5 Kc6 55. Be7 1/2-1/2

[Event "Suwalki Warakomska Memorial 6th"]
[Site "Suwalki"]
[Date "2022.08.06"]
[Round "5"]
[White "Harshini, A."]
[Black "Kacprzak, Kacper"]
[Result "1/2-1/2"]
[WhiteElo "2116"]
[BlackElo "2273"]
[PlyCount "58"]
[EventDate "2022.08.03"]
[EventType "swiss"]
[EventRounds "9"]
[EventCountry "POL"]
[SourceTitle "CBM 209 Extra"]
[Source "ChessBase"]
[SourceDate "2022.09.30"]
[SourceVersion "1"]
[SourceVersionDate "2022.09.30"]
[SourceQuality "1"]

1. e4 e5 2. Nf3 Nc6 3. Bb5 a6 4. Ba4 Nf6 5. 0-0 Be7 6. Re1 b5 7. Bb3 d6 8. c3 0-0 9. d4 Bg4 10. d5 Na5 11. Bc2 Qc8 12. h3 Bd7 13. a4 c6 14. Bg5 cxd5 15. Bxf6 Bxf6 16. Qxd5 Be7 17. axb5 axb5 18. Na3 Rb8 19. b4 Be6 20. Qd3 Nc4 21. Nxc4 Bxc4 22. Qe3 h6 23. Ra7 Bd8 24. Ra3 Bb6 25. Qd2 Rd8 26. Bd3 d5 27. Qc2 Bxd3 28. Qxd3 f5 29. Nxe5 fxe4 1/2-1/2

[Event "Suwalki Warakomska Memorial 6th"]
[Site "Suwalki"]
[Date "2022.08.03"]
[Round "1"]
[White "Harshini, A."]
[Black "Godzwon, Iwo"]
[Result "0-1"]
[WhiteElo "2116"]
[BlackElo "2336"]
[PlyCount "86"]
[EventDate "2022.08.03"]
[EventType "swiss"]
[EventRounds "9"]
[EventCountry "POL"]
[SourceTitle "CBM 209 Extra"]
[Source "ChessBase"]
[SourceDate "2022.09.30"]
[SourceVersion "1"]
[SourceVersionDate "2022.09.30"]
[SourceQuality "1"]

1. e4 c5 2. Nf3 e6 3. d4 cxd4 4. Nxd4 Nc6 5. Nc3 Qc7 6. Be2 Nf6 7. 0-0 Be7 8. Kh1 0-0 9. f4 d6 10. Bf3 a6 11. a4 Bd7 12. Nb3 b6 13. Be3 Rab8 14. Qe2 Na5 15. Nxa5 bxa5 16. Rab1 Rb4 17. Qxa6 Rfb8 18. Qd3 Rxb2 19. Rxb2 Rxb2 20. e5 Ne8 21. Bd4 Rb4 22. Nb5 Qc4 23. Qxc4 Rxc4 24. Bb6 dxe5 25. fxe5 Rxa4 26. Nd6 f6 27. Bh5 Kf8 28. exf6 Nxf6 29. Bc7 Rd4 30. Nb7 Bb5 31. Rf2 Rd7 32. Bxa5 Rxb7 33. Bf3 Bc6 34. g3 Bxf3+ 35. Rxf3 Rb5 36. Bd2 Rd5 37. Be3 Bc5 38. c4 Re5 39. Bd2 Re2 40. Bg5 Kf7 41. g4 Kg6 42. Bxf6 gxf6 43. h4 Re4 0-1

[Event "Arandjelovac Akva Gold IM1"]
[Site "Arandjelovac"]
[Date "2021.07.19"]
[Round "3"]
[White "Sanz Wawer, Daniel"]
[Black "Harshini, A."]
[Result "1/2-1/2"]
[WhiteElo "2307"]
[BlackElo "2189"]
[PlyCount "117"]
[EventDate "2021.07.17"]
[EventType "tourn"]
[EventRounds "9"]
[EventCountry "SRB"]
[SourceTitle "CBM 203 Extra"]
[Source "ChessBase"]
[SourceDate "2021.09.30"]
[SourceVersion "1"]
[SourceVersionDate "2021.09.30"]
[SourceQuality "1"]

1. e4 e5 2. Nf3 Nc6 3. Bb5 a6 4. Ba4 Nf6 5. 0-0 Nxe4 6. d4 b5 7. Bb3 d5 8. dxe5 Be6 9. c3 Bc5 10. Qd3 0-0 11. Be3 Bxe3 12. Qxe3 f6 13. exf6 Qxf6 14. Nbd2 Nxd2 15. Qxd2 Ne7 16. Rae1 Rad8 17. Qd4 Ng6 18. Bc2 Bf5 19. Qxf6 Rxf6 20. Bxf5 Rxf5 21. Nd4 Rf6 22. Ne6 Rd7 23. Re3 h6 24. Rfe1 Nf4 25. Nc5 Rdf7 26. Re8+ Kh7 27. f3 a5 28. Rb8 b4 29. cxb4 axb4 30. Rxb4 Rc6 31. Rb5 d4 32. g3 Rf5 33. b4 Nd3 34. Rd1 Nxc5 35. Rxc5 Rfxc5 36. bxc5 Rxc5 37. Rxd4 Rc1+ 38. Kg2 Rc2+ 39. Kh3 Rxa2 40. Rc4 Ra7 41. Rc6 Rb7 42. f4 Kg8 43. Kh4 Rb2 44. h3 Rb7 45. g4 Rb4 46. f5 Rb7 47. Kh5 Kh7 48. h4 Rb5 49. Rxc7 Ra5 50. Rf7 Rb5 51. g5 Rxf5 52. Rxf5 g6+ 53. Kg4 gxf5+ 54. Kxf5 hxg5 55. hxg5 Kg7 56. g6 Kg8 57. Kf6 Kf8 58. g7+ Kg8 59. Kg6 1/2-1/2

[Event "IND-chT (Women)"]
[Site "Ahmedabad"]
[Date "2020.02.13"]
[Round "7.2"]
[White "Nanditha, V."]
[Black "Harshini, A."]
[Result "0-1"]
[WhiteElo "1728"]
[BlackElo "2194"]
[PlyCount "56"]
[EventDate "2020.02.07"]
[EventType "team-swiss"]
[EventRounds "7"]
[EventCountry "IND"]
[SourceTitle "CBM 194 Extra"]
[Source "ChessBase"]
[SourceDate "2020.03.31"]
[SourceVersion "1"]
[SourceVersionDate "2020.03.31"]
[SourceQuality "1"]
[WhiteTeam "Telangana (W)"]
[BlackTeam "Tamil Nadu (W) II"]
[WhiteTeamCountry "IND"]
[BlackTeamCountry "IND"]

1. e4 e5 2. Nf3 Nc6 3. Nc3 Nf6 4. d4 exd4 5. Nxd4 Bb4 6. Nxc6 bxc6 7. Bd3 d5 8. exd5 cxd5 9. 0-0 0-0 10. h3 h6 11. Qf3 c6 12. a3 Be7 13. b4 Nd7 14. Bf4 Bf6 15. Bf5 Ne5 16. Bxe5 Bxe5 17. Bxc8 Qxc8 18. Rab1 Rd8 19. Rfd1 Rd6 20. b5 Rf6 21. Qd3 Bxc3 22. Qxc3 cxb5 23. Qxc8+ Rxc8 24. Rxb5 Rxc2 25. Rf1 Rd2 26. a4 a6 27. Rc5 Rd4 28. a5 Rd2 0-1

[Event "Paracin Orbis IM 4th"]
[Site "Paracin"]
[Date "2019.12.16"]
[Round "9"]
[White "Harshini, A."]
[Black "Stoyanov, Tsvetan"]
[Result "0-1"]
[WhiteElo "2076"]
[BlackElo "2375"]
[PlyCount "80"]
[EventDate "2019.12.10"]
[EventType "tourn"]
[EventRounds "9"]
[EventCountry "SRB"]
[EventCategory "1"]
[SourceTitle "CBM 193 Extra"]
[Source "ChessBase"]
[SourceDate "2020.01.31"]
[SourceVersion "1"]
[SourceVersionDate "2020.01.31"]
[SourceQuality "1"]

1. e4 g6 2. d4 Bg7 3. Nc3 d6 4. Be3 a6 5. Qd2 b5 6. a4 b4 7. Nd5 a5 8. c3 bxc3 9. bxc3 Nd7 10. Bc4 e6 11. Nf4 Nb6 12. Bb3 Nf6 13. f3 Ba6 14. Qa2 d5 15. e5 Nfd7 16. Nge2 Nc4 17. Bf2 Rb8 18. Rb1 0-0 19. 0-0 Qe7 20. Rfd1 Rb7 21. Nd3 Rfb8 22. Nec1 Bf8 23. f4 Qa3 24. Qc2 c5 25. Ba2 Rxb1 26. Bxb1 Nb2 27. Rd2 Nxa4 28. dxc5 Ndxc5 29. Nxc5 Nxc5 30. Bd4 Ne4 31. Ba2 Nxd2 32. Qxd2 Rb2 33. Qd1 Rxa2 34. Nxa2 Qxa2 35. h3 a4 36. Ba7 Qb3 37. Qd4 a3 38. Bc5 a2 39. Bxf8 a1Q+ 40. Kh2 Qaxc3 0-1

[Event "Paracin Orbis IM 4th"]
[Site "Paracin"]
[Date "2019.12.10"]
[Round "1"]
[White "Kamer, Kayra"]
[Black "Harshini, A."]
[Result "0-1"]
[WhiteElo "2328"]
[BlackElo "2076"]
[PlyCount "142"]
[EventDate "2019.12.10"]
[EventType "tourn"]
[EventRounds "9"]
[EventCountry "SRB"]
[EventCategory "1"]
[SourceTitle "CBM 193 Extra"]
[Source "ChessBase"]
[SourceDate "2020.01.31"]
[SourceVersion "1"]
[SourceVersionDate "2020.01.31"]
[SourceQuality "1"]

1. Nf3 d5 2. g3 Nf6 3. Bg2 g6 4. 0-0 Bg7 5. c4 c6 6. d4 0-0 7. Nc3 dxc4 8. e4 b5 9. Qc2 Bb7 10. e5 Nd5 11. Ne4 Na6 12. a3 Qb6 13. Rd1 c5 14. h4 cxd4 15. Rxd4 Rfd8 16. h5 Bxe5 17. hxg6 Bxd4 18. gxf7+ Kg7 19. Neg5 Bxf2+ 20. Kh2 Nf6 21. Bf4 Rd3 22. Ne5 Bxg2 23. Kxg2 Be3 24. Nxd3 cxd3 25. Qxd3 Qc6+ 26. Kh3 Bxf4 27. gxf4 Qd7+ 28. Qxd7 Nxd7 29. Re1 h6 30. Rxe7 hxg5 31. Rxd7 gxf4 32. Kg4 Nc5 33. Rd5 Rc8 34. b4 Ne6 35. Kf5 Kxf7 36. Rd7+ Ke8 37. Rxa7 Nc7 38. Kxf4 Nd5+ 39. Ke5 Nc3 40. Kd4 Rc4+ 41. Kd3 Rc6 42. Kd4 Kd8 43. Rh7 Kc8 44. Rh5 Kb7 45. Rc5 Ne2+ 46. Kd3 Nf4+ 47. Ke4 Rxc5 48. bxc5 Ne6 49. Kd5 Nc7+ 50. Kd4 Na6 51. Kd5 Kc7 52. c6 Kb6 53. Kd6 Nc7 54. Kd7 Nd5 55. Kd6 Nf6 56. Ke7 Ne4 57. Kd7 Nc5+ 58. Kd6 Na6 59. Kd7 Nb8+ 60. Kd6 Nxc6 61. Kd5 Na5 62. Kd4 Kc6 63. Kd3 Kd5 64. Kc3 Kc5 65. Kb2 Kc4 66. Kc2 Nc6 67. Kb2 Nd4 68. Ka2 Kc3 69. a4 b4 70. Kb1 Nc6 71. Ka1 Kc2 0-1

[Event "Navrangpura AICF (Women)"]
[Site "Navrangpura"]
[Date "2019.11.14"]
[Round "6"]
[White "Mrudul, Dehankar"]
[Black "Harshini, A."]
[Result "1-0"]
[WhiteElo "2114"]
[BlackElo "2020"]
[PlyCount "41"]
[EventDate "2019.11.11"]
[EventType "tourn"]
[EventRounds "11"]
[EventCountry "IND"]
[SourceTitle "CBM 193 Extra"]
[Source "ChessBase"]
[SourceDate "2020.01.31"]
[SourceVersion "1"]
[SourceVersionDate "2020.01.31"]
[SourceQuality "1"]

1. d4 Nf6 2. Bf4 d5 3. e3 c5 4. Nf3 Nc6 5. Nbd2 Qb6 6. dxc5 Qxb2 7. Rb1 Qc3 8. Bb5 e6 9. Ne5 Bd7 10. Nxd7 Nxd7 11. 0-0 Be7 12. e4 Qxc5 13. c4 e5 14. exd5 exf4 15. Ne4 Qb6 16. Bxc6 bxc6 17. Rxb6 axb6 18. dxc6 Ne5 19. Qd5 f6 20. c7 Rc8 21. Nd6+ 1-0